La caja de pandora: el retorno de la transición chilena
I tiakina i:
| Ētahi atu kaituhi: | , , , , , , , |
|---|---|
| Hōputu: | Pukapuka |
| Reo: | Pāniora |
| I whakaputaina: |
Santiago, Chile:
Planeta / Ariel,
1999.
|
| Ngā marau: | |
| Ngā Tūtohu: |
Tāpirihia he Tūtohu
Kāore He Tūtohu, Me noho koe te mea tuatahi ki te tūtohu i tēnei pūkete!
|
MARC
| LEADER | 00000nam a2200000 a 4500 | ||
|---|---|---|---|
| 001 | UCO1414 | ||
| 003 | CL-VaPUC | ||
| 005 | 20241202154106.0 | ||
| 008 | 000512e19990000CL |||||||||||||||||spa|d | ||
| 999 | |c 288037 |d 288035 | ||
| 020 | |a 956-247-246-9 | ||
| 040 | |c Pontificia Universidad Católica de Valparaíso | ||
| 082 | 0 | 4 | |a 321.8 GAR 1999 |2 21 |
| 100 | |a Garretón Merino, Manuel Antonio |e editor |9 894355 | ||
| 245 | 1 | 3 | |a La caja de pandora: el retorno de la transición chilena |
| 260 | |a Santiago, Chile: |b Planeta / Ariel, |c 1999. | ||
| 300 | |a 267 páginas. | ||
| 500 | |a c.2. Donación PIIE 2-12-2024 | ||
| 583 | |a last modification |c 20000512 00:00:00 |k Rodrigo Vera | ||
| 650 | 0 | |a Ciencia política |9 324218 |z Chile | |
| 700 | 0 | |a Hershberg, Eric |e autor |9 443499 | |
| 700 | 0 | |a Nef, Jorge |e autor |9 443500 | |
| 700 | |a López Varas, Miguel Angel |e autor |9 443501 | ||
| 700 | 0 | |a Martínez, Gustavo |e autor |9 443502 | |
| 700 | |a Lechner, Norbert |e autor |9 531832 | ||
| 700 | |a Güell Villanueva, Pedro |e autor |9 443504 | ||
| 700 | 0 | |a Whitehead, Laurence |e autor |9 443505 | |
| 942 | |c BK |2 ddc | ||
| 945 | |d 20000512 00:00:00 |a rbrito | ||
| 952 | |0 0 |1 0 |4 0 |6 321_800000000000000_GAR_1999 |7 0 |8 A |9 335208 |a BIBHIS |b BIBHIS |d 2019-11-20 |i 361557K |l 1 |o 321.8 GAR 1999 |p 361557K |r 2025-01-20 |s 2022-04-05 |w 2019-11-20 |y BK |k HIS | ||
| 952 | |0 0 |1 0 |2 ddc |4 0 |6 321_800000000000000_GAR_1999 |7 0 |8 A |9 598388 |a BIBHIS |b BIBHIS |d 2024-12-02 |e Donación |i 5663532 |o 321.8 GAR 1999 |p 5663532 |r 2025-01-20 |t 2 |w 2024-12-02 |y BK |k HIS | ||